US States With Highest Percentage Of Europeans - Statistics

General Stats
  • This quiz has been taken 43 times
  • The average score is 46 of 50
Answer Stats
Hint Answer % Correct
11.03% New York
100%
1.59% New York
100%
7.48% Rhode Island
97%
14.64% Rhode Island
97%
7.01% Rhode Island
97%
15.97% Rhode Island
97%
18.63% Vermont
97%
9.02% Vermont
97%
16.3% Vermont
97%
31.04% Arizona
95%
20.46% Maine
95%
11.48% Maine
95%
15.92% Maine
95%
10.98% Massachusetts
95%
3.63% Massachusetts
95%
1.21% Massachusetts
95%
18.13% Massachusetts
95%
17.42% New Hampshire
95%
10.71% New Hampshire
95%
1.43% New Hampshire
95%
19.96% New Hampshire
95%
39.46% Texas
95%
39.83% California
92%
15.16% Connecticut
92%
1.29% Connecticut
92%
6.18% Connecticut
92%
1.24% Connecticut
92%
48.15% New Mexico
92%
34.02% North Dakota
90%
2.07% North Dakota
90%
3.34% North Dakota
90%
32.61% South Dakota
90%
2.62% South Dakota
90%
25.43% Utah
90%
2.82% Utah
90%
30.36% Nebraska
87%
3.29% Nebraska
87%
12.49% New Jersey
87%
1.41% New Jersey
87%
17.44% Idaho
85%
6.18% Illinois
85%
7.3% Michigan
85%
6.52% Minnesota
85%
29.2% Nevada
85%
35.78% Wisconsin
85%
7.71% Wisconsin
85%
3.14% Hawaii
82%
30.18% Iowa
82%
5.47% Pennsylvania
82%
9.6% Louisiana
79%
No matching quizzes found
Score Distribution
Percent of People with Each Score
Percentile by Number Answered
Your Score History
You have not taken this quiz